LDR 01088nam a2200229 u 4500 001 000000020094 003 CaOOAMICUS 005 20070226110848.0 008 950218s1917 it u000 u ita u 035 $a10486916 040 $aPUL$bita 100 1 $aMercati, Giovanni,$ccard.,$d1866-1957.$0(OLS)http://pul/name/2339 245 14$aUna preghiera antichissima degli eucologi medievali. 260 $aRoma :$bTipografia della R. Accademia dei LIncei,$c1917. 300 $a9 p. ;$c30 cm 500 $aEstratto da "Alcuni scritti e brevi saggi di studii sulla Volgata" pubblicati in occasione del cinquantenario monastico di S. E. il Cardinale Gasquet pp. 68-74 850 $aPUL 852 $aPUL$W1$xDP1 Fondo Maccarrone$y58$m1503 G 4$j28165$nBK-PRI$b $qFondi$B28165$CPULBib$Z2$F28165 $H $81 941 1 $a1 961 $aINV: 01085 -- Fondo Mons. M. Maccarrone 996 $6245$aUna preghiera antichissima degli eucologi medievali$9(OLS)http://pul/title/28360 996 $6260$aRoma :$bTipografia della R. Accademia dei LIncei$9(OLS)http://pul/publisher/56417